000 01622nam a2200397 c 4500
001 15031
003 ES-MaCES
005 20250121040009.0
008 030603s2002 sp t o100 | spa d
017 _aM 54386-2002
_bDL
024 7 _a207-02-091-2
_2nipo
035 _aCES20030006433m
040 _aES-MaCES
_bspa
_cES-MaCES
111 2 _aJornadas sobre "La Igualdad de Trato entre Hombres y Mujeres en el Ámbito Laboral : la Aportación de la Inspección de Trabajo y Seguridad Social"
_d2000
_cEl Escorial
_9798
245 1 0 _aIgualdad de trato entre hombres y mujeres en el ámbito laboral
_b: la aportación de la Inspección de Trabajo y Seguridad social
_cJornadas [sobre la Igualdad de Trato entre Hombres y Mujeres en el Ámbito Laboral ... ], celebradas en San Lorenzo de El Escorial, 12 y 13 de diciembre de 2000
260 _aMadrid
_bInstituto de la Mujer
_c2002
300 _a189 p.
_c30 cm
490 1 _aDebate
_v38
504 _aBibliografía
541 _cGratuito
650 4 _amujeres
_928657
650 4 _atrabajadora
_928413
650 4 _adiferencia del salario
_929458
650 4 _adiscriminación por razones de sexo
_929521
650 4 _aacoso laboral
_930708
650 4 _aacoso sexual
_929555
650 4 _aresponsabilidades familiares
_930598
650 4 _aprestaciones de maternidad
_927040
650 4 _aconferencia
_927013
653 1 0 _aMujer
710 2 _aInstituto de la Mujer (España)
_eed.
_94190
830 0 _aDebate (Instituto de la Mujer (España))
_v38
_932789
902 _aLIB Libro
942 _2CES
_cBK
_h3.3.
999 _c15031
_d15031